00865nam a22002537a 450000500170000001000130001702000220003003500130005203700170006504000120008208200170009410000300011124500640014126000370020527000380024230000240028050000200030465000280032465000400035270000100039294200270040299900190042995201630044820170124110013.0 aA-351319 c00.00a8120803914 aA-351319 bCen Lib/ Ret aDPLbEN a370.118bSHA aShamnshad Hussain 918183 aCreativity :cby Shamnshad Hussain bconcept and findings / aDelhibMotilal banarsidassc1988 bDelhiaBuglow road, jawahar nagar axvi,146p.c20cm(Hb) aIncludes index  aCreative ability918184 aCreative ability in children918185 918106 2ddccENh370.118mSHA  c126686d126686 04104070aLbLd2015-06-26eCen Lib/Retg0.00l0o370.118 SHApA-351319r2015-06-26 00:00:00t1v0.00w2015-06-26yENzW/d List No. 6897/15 ; dtd 19/10/2020